000 00736nas a2200265 4500
001 BR9800459
003 BR-BrBNA
005 20231205100714.0
007 ta
008 230509b bl.|||p| |||| 00| 00por d
040 _aBR-BrBNA
_bpor
_cBiblioteca Nacional de Agricultura
041 _a(Pt)
072 _aL74; L70
100 1 _aVieira, R.J.
245 1 _aAbortamento em bovinos - Uma revisao
650 _aBovino
650 _aAborto
650 _aDiagnostico
650 _aVeterinaria
650 _aAnalise de Laboratorio
650 _aInfeccao
773 0 _tHora Veterinaria (Brazil)
_xISSN 0101-9163
_g(Jan-Feb 1998), v. 17(101) p. 47-51
_wBR9800459
909 _a202311
_bLúcia
_c55
_dLúcia Elande
942 _2AGRIS
_n0
_cANA
999 _c157573
_d157573